[Event "Copenhagen Chess Challenge 2016"]
[Site "Ballerup"]
[Date "2016.04.21"]
[Round "2"]
[White "Moe, Mogens"]
[Black "Sorensen, Per Settergren"]
[Result "1-0"]
[WhiteElo "2160"]
[BlackElo "1979"]
[PlyCount "119"]
[EventDate "2016.04.20"]
[EventType "swiss"]
[EventRounds "9"]
[EventCountry "DEN"]

1. e4 e5 2. Nf3 Nc6 3. d4 exd4 4. Nxd4 Nf6 5. Nxc6 bxc6 6. e5 Qe7 7. Qe2 Nd5 8.
c4 Nb6 9. Nd2 a5 10. Qe4 g6 11. Bd3 Bg7 12. O-O O-O 13. Re1 Ba6 14. Rb1 f5 15.
Qf4 Qe6 16. b3 d5 17. Bb2 c5 18. cxd5 Nxd5 19. Qf3 Bxd3 20. Qxd3 Nb4 21. Qc4
Qxc4 22. Nxc4 Nxa2 23. Rbd1 Rad8 24. Nxa5 Nb4 25. Nb7 Rxd1 26. Rxd1 Re8 27. f4
Na6 28. Ba3 g5 29. fxg5 Bxe5 30. Nxc5 Nxc5 31. Bxc5 Bf4 32. Rf1 Bxg5 33. Rxf5
Be3+ 34. Bxe3 Rxe3 35. Rf3 Re2 36. Rc3 Rb2 37. h4 Kh8 38. Kh2 Kg8 39. Kh3 Kh8
40. g4 Re2 41. g5 Re4 42. h5 Kg8 43. h6 Re7 44. Kg4 Rd7 45. Kf5 Kf7 46. Rc5 Kf8
47. g6 hxg6+ 48. Kxg6 Kg8 49. b4 Rd6+ 50. Kh5 Rd7 51. b5 Kh8 52. Kg6 Kg8 53.
Rc6 Re7 54. b6 Re1 55. bxc7 Rg1+ 56. Kf5 Rf1+ 57. Kg4 Rg1+ 58. Kh3 Kh7 59. Rc2
Rh1+ 60. Kg2 1-0

[Event "Copenhagen Chess Challenge 2016"]
[Site "Ballerup"]
[Date "2016.04.21"]
[Round "2"]
[White "Allam, Dariusz"]
[Black "Vesterli, Michael E"]
[Result "1/2-1/2"]
[WhiteElo "1922"]
[BlackElo "2138"]
[PlyCount "62"]
[EventDate "2016.04.20"]
[EventType "swiss"]
[EventRounds "9"]
[EventCountry "DEN"]

1. d4 Nf6 2. c4 g6 3. Nc3 Bg7 4. e4 d6 5. f3 O-O 6. Be3 c5 7. dxc5 dxc5 8. Qxd8
Rxd8 9. Bxc5 Nc6 10. Nd5 Nd7 11. Nxe7+ Nxe7 12. Bxe7 Bxb2 13. Bxd8 Bxa1 14. Ba5
b6 15. Bd2 Ba6 16. Ne2 Bxc4 17. Nc1 Rc8 18. Bxc4 Rxc4 19. Kd1 Kf8 20. Re1 Ke7
21. Re2 Kd6 22. Nb3 Bg7 23. Bf4+ Ke6 24. Rd2 a5 25. Rc2 Ne5 26. Be3 Rxc2 27.
Kxc2 Nc4 28. Bf2 Kd6 29. f4 h5 30. Kd3 Nb2+ 31. Kc2 Nc4 1/2-1/2

[Event "Copenhagen Chess Challenge 2016"]
[Site "Ballerup"]
[Date "2016.04.21"]
[Round "2"]
[White "Laustsen, Lars"]
[Black "Philipsen, William Horup"]
[Result "1-0"]
[WhiteElo "2128"]
[BlackElo "1970"]
[PlyCount "105"]
[EventDate "2016.04.20"]
[EventType "swiss"]
[EventRounds "9"]
[EventCountry "DEN"]

1. d4 d5 2. c4 e5 3. dxe5 d4 4. Nf3 Nc6 5. a3 f6 6. exf6 Qxf6 7. Bg5 Qg6 8. e3
Bg4 9. Bd3 Qh5 10. Be4 Nge7 11. Bxe7 Bxe7 12. exd4 O-O 13. Qd3 Rae8 14. Nbd2
Bxf3 15. Nxf3 Bb4+ 16. axb4 Nxb4 17. Qb1 Qf5 18. O-O Rxe4 19. Ra4 Nc6 20. d5 b5
21. Ra6 Nb4 22. Rxa7 bxc4 23. Ng5 Nd3 24. Nxe4 Qxe4 25. Rxc7 Qd4 26. Qd1 Rxf2
27. Rxf2 Qxf2+ 28. Kh1 Nf4 29. Qg1 Qc2 30. Rc8+ Kf7 31. Qa7+ Kg6 32. Rc6+ Kf5
33. Qg1 Ke4 34. d6 Qd3 35. d7 Qxd7 36. Rxc4+ Kf5 37. Qf1 g5 38. Qf3 Qd2 39. g4+
Kf6 40. Qc6+ Ne6 41. Qf3+ Nf4 42. Rxf4+ gxf4 43. Qc3+ Qxc3 44. bxc3 Ke5 45. Kg2
Ke4 46. h4 Ke3 47. Kf1 Kf3 48. g5 Kg4 49. c4 Kf5 50. c5 Ke5 51. h5 Kf5 52. c6
Ke6 53. g6 1-0

[Event "Copenhagen Chess Challenge 2016"]
[Site "Ballerup"]
[Date "2016.04.21"]
[Round "2"]
[White "Overmark, Ole"]
[Black "Fredericia, Louise Winther"]
[Result "1-0"]
[WhiteElo "1763"]
[BlackElo "2127"]
[PlyCount "79"]
[EventDate "2016.04.20"]
[EventType "swiss"]
[EventRounds "9"]
[EventCountry "DEN"]

1. Nf3 f5 2. b3 Nf6 3. Bb2 e6 4. e3 b6 5. Be2 Bb7 6. c4 Be7 7. O-O O-O 8. Nc3
c5 9. Rc1 Ne4 10. d4 cxd4 11. exd4 d5 12. cxd5 exd5 13. Ne5 Nd7 14. f3 Nxc3 15.
Rxc3 Nxe5 16. dxe5 Bc5+ 17. Kh1 f4 18. Qc2 Rc8 19. Rd1 Qe7 20. Bd3 g6 21. Qe2
Qe6 22. Rc2 Rce8 23. Bb5 Re7 24. Rcd2 Kg7 25. h3 Rf5 26. Rd3 a6 27. Bc4 dxc4
28. Rd6 Qc8 29. e6+ Kh6 30. Rd7 Qc6 31. Qxc4 Qxe6 32. Qxe6 Rxe6 33. Rxb7 Re2
34. Bg7+ Kg5 35. Bc3 h5 36. Rbd7 Rxa2 37. b4 Be3 38. R7d6 Rc2 39. Rc6 Rd5 40.
Rxd5+ 1-0

[Event "Copenhagen Chess Challenge 2016"]
[Site "Ballerup"]
[Date "2016.04.21"]
[Round "2"]
[White "De Seroux, Camille"]
[Black "Stuhr, Peter Sebastian"]
[Result "0-1"]
[WhiteElo "2125"]
[BlackElo "1957"]
[PlyCount "97"]
[EventDate "2016.04.20"]
[EventType "swiss"]
[EventRounds "9"]
[EventCountry "DEN"]

1. e4 d6 2. d4 Nf6 3. Nc3 e5 4. Nf3 Nbd7 5. Bc4 Be7 6. O-O h6 7. Re1 c6 8. a4
a5 9. h3 Qc7 10. Ba2 g5 11. Qe2 Nf8 12. Qc4 Rh7 13. dxe5 dxe5 14. Nd5 Nxd5 15.
exd5 Ng6 16. dxc6 bxc6 17. Qe4 f5 18. Qc4 Rg7 19. Bd2 Ba6 20. Qc3 Bb4 21. Qe3
Bxd2 22. Nxd2 Re7 23. Nc4 O-O-O 24. Qc5 Bxc4 25. Bxc4 Kb7 26. Ra3 Ka8 27. Rb3
Rb8 28. Ree3 Rd7 29. Rxb8+ Kxb8 30. Rb3+ Ka8 31. Rb6 Rd1+ 32. Bf1 Rd5 33. Qxc6+
Qxc6 34. Rxc6 Ne7 35. Rxh6 e4 36. Rh8+ Kb7 37. Rh7 Re5 38. Bb5 Kb6 39. c3 f4
40. Rh6+ Kc7 41. Kf1 Nf5 42. Rc6+ Kb8 43. b4 Rd5 44. bxa5 f3 45. gxf3 exf3 46.
Ke1 Nh4 47. Rb6+ Kc7 48. Rc6+ Kd8 49. Bf1 0-1

[Event "Copenhagen Chess Challenge 2016"]
[Site "Ballerup"]
[Date "2016.04.21"]
[Round "2"]
[White "Andersen, Soren Mikkel"]
[Black "Holmstrom, Johan Ravnborg"]
[Result "1-0"]
[WhiteElo "2114"]
[BlackElo "1932"]
[PlyCount "45"]
[EventDate "2016.04.20"]
[EventType "swiss"]
[EventRounds "9"]
[EventCountry "DEN"]

1. d4 e6 2. c4 f5 3. g3 Nf6 4. Bg2 c6 5. Nf3 d5 6. O-O Bd6 7. b3 Qe7 8. Bb2 O-O
9. Qc1 b6 10. Ba3 c5 11. Nc3 a6 12. cxd5 exd5 13. dxc5 bxc5 14. Nh4 Be6 15.
Nxf5 Qd7 16. Nxd6 Qxd6 17. Na4 Nbd7 18. Bxc5 Nxc5 19. Qxc5 Qe5 20. e3 Ne4 21.
Qd4 Qh5 22. Nc5 Bh3 23. Bxh3 1-0

[Event "Copenhagen Chess Challenge 2016"]
[Site "Ballerup"]
[Date "2016.04.21"]
[Round "2"]
[White "Kallenbach, Uffe"]
[Black "Rishovd, Svein"]
[Result "0-1"]
[WhiteElo "1694"]
[BlackElo "2103"]
[PlyCount "52"]
[EventDate "2016.04.20"]
[EventType "swiss"]
[EventRounds "9"]
[EventCountry "DEN"]

1. e4 c5 2. c3 g6 3. f4 Nf6 4. Qc2 Nc6 5. Nf3 Bg7 6. d4 cxd4 7. cxd4 d5 8. e5
Ne4 9. a3 Bf5 10. Bd3 Rc8 11. Nc3 O-O 12. Be3 Na5 13. Bxe4 Bxe4 14. Qe2 Bf5 15.
O-O Qd7 16. Rac1 Nc4 17. Bf2 Rc6 18. Be1 Rfc8 19. Ra1 Rb6 20. Nd1 Nxb2 21. Ne3
Bd3 22. Qf2 Bxf1 23. Nxf1 Nd3 24. Qh4 Nxe1 25. Qxe1 Qf5 26. Rc1 Rbc6 0-1

[Event "Copenhagen Chess Challenge 2016"]
[Site "Ballerup"]
[Date "2016.04.21"]
[Round "2"]
[White "Skovgaard, Ib"]
[Black "Kakulidis, Ellen"]
[Result "1/2-1/2"]
[WhiteElo "2050"]
[BlackElo "1892"]
[PlyCount "96"]
[EventDate "2016.04.20"]
[EventType "swiss"]
[EventRounds "9"]
[EventCountry "DEN"]

1. e4 e6 2. d4 d5 3. Nd2 Nc6 4. Ngf3 Nf6 5. e5 Nd7 6. Bb5 a6 7. Bxc6 bxc6 8. c4
dxc4 9. O-O Be7 10. Nxc4 Nb6 11. Na5 Qd5 12. Bd2 Nc4 13. Qc2 Nxd2 14. Nxd2 Bb4
15. Ndc4 Bd7 16. Nb3 O-O 17. a4 Bc8 18. Ne3 Qd7 19. a5 c5 20. Rfd1 cxd4 21.
Rxd4 Qe7 22. Qe4 Rb8 23. Qf3 c5 24. Rc4 Bb7 25. Qg3 Bd5 26. Rg4 g6 27. Rh4 f5
28. exf6 Qxf6 29. Ng4 Qg7 30. Rd1 Rbd8 31. h3 Kh8 32. Ne5 Kg8 33. f4 Qf6 34.
Ng4 Qg7 35. Nh6+ Kh8 36. Ng4 Bxb3 37. Qxb3 Rxd1+ 38. Qxd1 Qd4+ 39. Qxd4+ cxd4
40. Ne5 Kg7 41. Kf1 g5 42. Rg4 Rxf4+ 43. Rxf4 gxf4 44. Nc6 Bc5 45. b4 Bd6 46.
Nxd4 Bxb4 47. Nxe6+ Kf6 48. Nc7 Bxa5 1/2-1/2

[Event "Copenhagen Chess Challenge 2016"]
[Site "Ballerup"]
[Date "2016.04.21"]
[Round "2"]
[White "Sundin, Sven-Ingvar"]
[Black "Kistrup, Nicolai"]
[Result "0-1"]
[WhiteElo "1633"]
[BlackElo "2033"]
[PlyCount "48"]
[EventDate "2016.04.20"]
[EventType "swiss"]
[EventRounds "9"]
[EventCountry "DEN"]

1. e4 c5 2. Nf3 d6 3. d4 cxd4 4. Nxd4 Nf6 5. Nc3 g6 6. Be2 Bg7 7. Be3 O-O 8.
Qd2 Nc6 9. h4 d5 10. exd5 Nxd5 11. Nxd5 Nxd4 12. Nxe7+ Qxe7 13. Bxd4 Bxd4 14.
Qxd4 Re8 15. Qd2 Bg4 16. f3 Rad8 17. O-O-O Rxd2 18. Rxd2 Be6 19. a3 Rd8 20. Bd3
h5 21. g3 Qc7 22. f4 Bc4 23. Bxc4 Rxd2 24. Bxf7+ Qxf7 0-1

[Event "Copenhagen Chess Challenge 2016"]
[Site "Ballerup"]
[Date "2016.04.21"]
[Round "2"]
[White "Slettebo, Jan"]
[Black "Hentley, Darryl"]
[Result "1-0"]
[WhiteElo "2030"]
[BlackElo "1666"]
[PlyCount "81"]
[EventDate "2016.04.20"]
[EventType "swiss"]
[EventRounds "9"]
[EventCountry "DEN"]

1. e4 e5 2. Nc3 Bc5 3. f4 Bxg1 4. Rxg1 exf4 5. Qf3 Qh4+ 6. g3 fxg3 7. Rxg3 Nc6
8. Qf2 Qf6 9. Rf3 Qd4 10. Rxf7 Qxf2+ 11. Rxf2 Nf6 12. d3 d6 13. Bg5 Rf8 14.
Bxf6 gxf6 15. Nd5 Rb8 16. Nxf6+ Rxf6 17. Rxf6 h5 18. Be2 Bg4 19. Bxg4 hxg4 20.
Rg6 Ke7 21. Rxg4 Ne5 22. Rg2 c5 23. Ke2 Rh8 24. Rf1 Rh7 25. Rf4 Ke6 26. h4 Rh6
27. Rh2 b5 28. h5 Nc6 29. c3 b4 30. Ke3 a5 31. d4 Ne7 32. d5+ Kd7 33. Rf8 Kc7
34. Kf4 Ng6+ 35. hxg6 Rxh2 36. g7 Rg2 37. g8=Q Rxg8 38. Rxg8 bxc3 39. bxc3 c4
40. e5 dxe5+ 41. Kxe5 1-0

[Event "Copenhagen Chess Challenge 2016"]
[Site "Ballerup"]
[Date "2016.04.21"]
[Round "3"]
[White "Matthiesen, Martin"]
[Black "Hector, Jonny"]
[Result "0-1"]
[WhiteElo "2377"]
[BlackElo "2493"]
[PlyCount "64"]
[EventDate "2016.04.20"]
[EventType "swiss"]
[EventRounds "9"]
[EventCountry "DEN"]

1. d4 d5 2. c4 c6 3. Nf3 Nf6 4. Nc3 dxc4 5. a4 Bf5 6. e3 e6 7. Bxc4 Bb4 8. O-O
Nbd7 9. Qe2 Bg4 10. h3 Bxf3 11. Qxf3 O-O 12. Rd1 Rc8 13. Bd2 Qa5 14. Be1 e5 15.
Qe2 Rce8 16. Qc2 Qb6 17. a5 Qd8 18. dxe5 Rxe5 19. Ne4 Bxe1 20. Nxf6+ gxf6 21.
Qd3 b5 22. Ba2 Bxa5 23. Qxd7 Qxd7 24. Rxd7 Bb6 25. Rd6 c5 26. Rxf6 c4 27. Rd1
Rd8 28. Rxd8+ Bxd8 29. Rc6 Rd5 30. Kf1 Rd2 31. Rc8 Kg7 32. Rb8 Bb6 0-1

[Event "Copenhagen Chess Challenge 2016"]
[Site "Ballerup"]
[Date "2016.04.21"]
[Round "3"]
[White "Thybo, Jesper Sondergaard"]
[Black "Semcesen, Daniel"]
[Result "1-0"]
[WhiteElo "2358"]
[BlackElo "2454"]
[PlyCount "89"]
[EventDate "2016.04.20"]
[EventType "swiss"]
[EventRounds "9"]
[EventCountry "DEN"]

1. c4 e5 2. g3 d6 3. Bg2 f5 4. Nf3 Be7 5. O-O Nf6 6. Nc3 O-O 7. d4 e4 8. Ne1 c6
9. d5 Na6 10. f3 exf3 11. exf3 c5 12. Nd3 Ne8 13. b3 Bf6 14. Bb2 Nac7 15. Qd2
Rb8 16. a4 a6 17. a5 Bd4+ 18. Kh1 Nf6 19. Rfe1 Re8 20. b4 cxb4 21. Nxb4 Ba7 22.
Ne2 Bf2 23. Rf1 Be3 24. Qc3 Bd7 25. Nd4 Rc8 26. Qb3 Nh5 27. Nbc2 Bh6 28. f4 Nf6
29. Ba3 Ne4 30. Bxe4 fxe4 31. f5 Bd2 32. Ne6 Qe7 33. Ne3 Ba4 34. Qxa4 Bxe3 35.
Qc2 Nxe6 36. fxe6 Qc7 37. Rae1 Bh6 38. Rxe4 Qxa5 39. Bxd6 Qxd5 40. cxd5 Rxc2
41. e7 g6 42. Rh4 Rc1 43. Rxc1 Bxc1 44. Bb4 Bg5 45. d6 1-0

[Event "Copenhagen Chess Challenge 2016"]
[Site "Ballerup"]
[Date "2016.04.21"]
[Round "3"]
[White "Getz, Nicolai"]
[Black "Fries Nielsen, Jens Ove"]
[Result "1-0"]
[WhiteElo "2408"]
[BlackElo "2389"]
[PlyCount "69"]
[EventDate "2016.04.20"]
[EventType "swiss"]
[EventRounds "9"]
[EventCountry "DEN"]

1. e4 g6 2. d4 Bg7 3. Nc3 Nc6 4. Be3 d6 5. Qd2 a6 6. h4 h6 7. f3 Bd7 8. O-O-O
b5 9. Nd5 Rb8 10. Kb1 a5 11. Ne2 b4 12. g4 e6 13. Ndf4 a4 14. b3 Ra8 15. Nd3
Qb8 16. Bg2 Nge7 17. f4 Qb5 18. h5 Qa5 19. hxg6 fxg6 20. f5 axb3 21. cxb3 gxf5
22. gxf5 exf5 23. d5 Ne5 24. Nxe5 Bxe5 25. Bxh6 Bb5 26. Nc1 Qa3 27. Bf4 Rxh1
28. Rxh1 Bc3 29. Qc2 fxe4 30. Bxe4 Kd8 31. Bg5 Kc8 32. Bxe7 Kb7 33. Bd3 Bd7 34.
Ne2 Be5 35. Bg5 1-0

[Event "Copenhagen Chess Challenge 2016"]
[Site "Ballerup"]
[Date "2016.04.21"]
[Round "3"]
[White "Englert, Fabian"]
[Black "Haubro, Martin"]
[Result "1-0"]
[WhiteElo "2391"]
[BlackElo "2345"]
[PlyCount "81"]
[EventDate "2016.04.20"]
[EventType "swiss"]
[EventRounds "9"]
[EventCountry "DEN"]

1. d4 Nf6 2. Bg5 e6 3. Nd2 h6 4. Bh4 c5 5. e4 cxd4 6. e5 g5 7. Bg3 Nd5 8. h4
Nc6 9. hxg5 Qxg5 10. Ngf3 Qg7 11. Rh3 b6 12. Bc4 Bb7 13. Qe2 Bc5 14. O-O-O Na5
15. Bd3 Qf8 16. Ne4 O-O-O 17. Nd6+ Kb8 18. Nxb7 Nxb7 19. Be4 Nb4 20. Kb1 Nc6
21. Bh4 Rc8 22. Bf6 Rg8 23. Nd2 Be7 24. Bxe7 Qxe7 25. Rxh6 d5 26. exd6 Nxd6 27.
Bxc6 Rxc6 28. Nb3 Nf5 29. Nxd4 Nxd4 30. Rxd4 Rxg2 31. Rh8+ Kb7 32. a3 Rg1+ 33.
Ka2 e5 34. Rd2 Qe6+ 35. b3 Rg7 36. Rdd8 f6 37. Qe4 f5 38. Rb8+ Kc7 39. Rhc8+
Kd7 40. Qd3+ Ke7 41. Re8+ 1-0

[Event "Copenhagen Chess Challenge 2016"]
[Site "Ballerup"]
[Date "2016.04.21"]
[Round "3"]
[White "Kristensen, Kaare Hove"]
[Black "Demuth, Adrien"]
[Result "1/2-1/2"]
[WhiteElo "2341"]
[BlackElo "2550"]
[PlyCount "103"]
[EventDate "2016.04.20"]
[EventType "swiss"]
[EventRounds "9"]
[EventCountry "DEN"]

1. e4 e5 2. Nf3 Nc6 3. d4 exd4 4. Nxd4 Nf6 5. Nxc6 bxc6 6. e5 Qe7 7. Qe2 Nd5 8.
c4 Ba6 9. b3 g6 10. Bb2 Bg7 11. g3 O-O 12. Bg2 Rae8 13. O-O Bxe5 14. Qxe5 Qxe5
15. Bxe5 Rxe5 16. cxd5 Bxf1 17. Kxf1 cxd5 18. f4 Re3 19. Bxd5 Rd3 20. Bf3 Re8
21. Kf2 d5 22. Be2 Rde3 23. Bd1 Rd3 24. Be2 Rde3 25. Bd1 Re1 26. Nd2 R8e2+ 27.
Bxe2 Rxa1 28. a4 Kf8 29. Bd3 c5 30. Ke2 Rc1 31. Bb5 Ke7 32. Kd3 f6 33. Nf3 Rf1
34. Ke2 Rb1 35. Nd2 Rc1 36. Kd3 Kd6 37. Ba6 h6 38. Bb5 g5 39. fxg5 fxg5 40. Be8
Rh1 41. Nf3 g4 42. Nh4 Rxh2 43. Bh5 Rb2 44. Kc3 Rb1 45. Nf5+ Ke5 46. Nxh6 Kf6
47. Bxg4 Kg5 48. Be6 Kxh6 49. Bxd5 Rc1+ 50. Kd2 Rg1 51. Kd3 Rc1 52. Kd2 1/2-1/2

[Event "Copenhagen Chess Challenge 2016"]
[Site "Ballerup"]
[Date "2016.04.21"]
[Round "3"]
[White "Andersen, Mads"]
[Black "Nilssen, John Arni"]
[Result "1-0"]
[WhiteElo "2504"]
[BlackElo "2300"]
[PlyCount "39"]
[EventDate "2016.04.20"]
[EventType "swiss"]
[EventRounds "9"]
[EventCountry "DEN"]

1. Nf3 d5 2. g3 g6 3. d4 Bg7 4. Bg2 Nf6 5. c4 c6 6. Qb3 O-O 7. O-O Qb6 8. Nc3
Bf5 9. Ne5 Rd8 10. cxd5 Qxb3 11. axb3 cxd5 12. Bg5 Nbd7 13. Nxd7 Rxd7 14. Bxf6
Bxf6 15. Nxd5 Bxd4 16. Ra4 Bc5 17. Rc1 Rc8 18. Rac4 b6 19. b4 Be6 20. e4 1-0

[Event "Copenhagen Chess Challenge 2016"]
[Site "Ballerup"]
[Date "2016.04.21"]
[Round "3"]
[White "Danielsen, Henrik"]
[Black "Jacobsen, Mikkel Manosri"]
[Result "1-0"]
[WhiteElo "2480"]
[BlackElo "2210"]
[PlyCount "43"]
[EventDate "2016.04.20"]
[EventType "swiss"]
[EventRounds "9"]
[EventCountry "DEN"]

1. Nf3 Nf6 2. g3 d5 3. Bg2 c6 4. O-O Bg4 5. d3 Nbd7 6. c4 g6 7. Nc3 dxc4 8.
dxc4 Bg7 9. Qb3 Qc7 10. Be3 O-O 11. Rfd1 h5 12. Rd2 Bxf3 13. exf3 Rfe8 14. Rad1
Nf8 15. h4 Kh8 16. Bh3 N6h7 17. c5 e5 18. Rd7 Nxd7 19. Rxd7 Qb8 20. Qxf7 Rg8
21. Qxg6 Qe8 22. Rf7 1-0

[Event "Copenhagen Chess Challenge 2016"]
[Site "Ballerup"]
[Date "2016.04.21"]
[Round "3"]
[White "Hove, Esben Kjems"]
[Black "Haub, Thorsten Michael"]
[Result "0-1"]
[WhiteElo "2232"]
[BlackElo "2359"]
[PlyCount "102"]
[EventDate "2016.04.20"]
[EventType "swiss"]
[EventRounds "9"]
[EventCountry "DEN"]

1. d4 g6 2. c4 Bg7 3. Nf3 f5 4. g3 Nf6 5. Bg2 O-O 6. O-O c6 7. b3 Na6 8. Bb2 d5
9. cxd5 cxd5 10. Nbd2 Ne4 11. Ne5 Be6 12. Nxe4 dxe4 13. f3 Qb6 14. Kh1 Rfd8 15.
f4 Nb4 16. e3 a5 17. g4 fxg4 18. Bxe4 Bxe5 19. fxe5 Rf8 20. Qd2 Qb5 21. Rf4
Rxf4 22. exf4 Bd5 23. Bxd5+ Qxd5+ 24. Kg1 Rc8 25. Bc3 Nc6 26. Rd1 e6 27. Qe2
Ne7 28. Rd3 Nf5 29. Bb2 h5 30. h3 gxh3 31. Rxh3 Nxd4 32. Qd3 Nf5 33. Qxd5 exd5
34. Rh2 Kf7 35. Kf1 Ne3+ 36. Ke1 Rc2 37. Rxc2 Nxc2+ 38. Ke2 Nb4 39. a3 Nc6 40.
Kf3 Ke6 41. Bc3 b5 42. Kg3 a4 43. bxa4 bxa4 44. Kf3 d4 45. Bd2 Kd5 46. Kg3 Nd8
47. Kf3 Ne6 48. Bb4 d3 49. Ke3 h4 50. Be1 h3 51. Bg3 Kc4 0-1

[Event "Copenhagen Chess Challenge 2016"]
[Site "Ballerup"]
[Date "2016.04.21"]
[Round "3"]
[White "Eriksson, Christian Altenburg"]
[Black "Sylvan, Jacob"]
[Result "0-1"]
[WhiteElo "2195"]
[BlackElo "2327"]
[PlyCount "86"]
[EventDate "2016.04.20"]
[EventType "swiss"]
[EventRounds "9"]
[EventCountry "DEN"]

1. e4 c5 2. c3 g6 3. Nf3 Bg7 4. Na3 a6 5. d4 cxd4 6. cxd4 d5 7. exd5 Nf6 8. d6
exd6 9. Be2 O-O 10. O-O b5 11. Nc2 Bb7 12. Bg5 Nbd7 13. a4 bxa4 14. Rxa4 h6 15.
Bh4 g5 16. Bg3 Nb6 17. Ra3 Nfd5 18. Nd2 f5 19. f3 Kh8 20. Nb3 Qc7 21. Na5 Bc8
22. Bd3 Bd7 23. Qd2 Bb5 24. Rd1 Rac8 25. Bxb5 axb5 26. Nb4 f4 27. Bf2 Qf7 28.
Nxd5 Qxd5 29. Rc3 Rxc3 30. Qxc3 Rc8 31. Qd3 Na4 32. Qd2 Qa2 33. Nb7 Qxb2 34.
Qd3 Qc2 35. Qxc2 Rxc2 36. h4 Nb2 37. Re1 Nd3 38. Re8+ Kh7 39. Be1 Bxd4+ 40. Kf1
Be5 41. Ba5 b4 42. hxg5 hxg5 43. Re7+ Kg8 0-1

[Event "Copenhagen Chess Challenge 2016"]
[Site "Ballerup"]
[Date "2016.04.21"]
[Round "3"]
[White "Tsiolakidis, Anastasios"]
[Black "Jorgensen, Dennis"]
[Result "0-1"]
[WhiteElo "2288"]
[BlackElo "2201"]
[PlyCount "68"]
[EventDate "2016.04.20"]
[EventType "swiss"]
[EventRounds "9"]
[EventCountry "DEN"]

1. d4 Nf6 2. Nf3 e6 3. c4 b6 4. g3 Ba6 5. Nbd2 Bb7 6. Bg2 Bb4 7. O-O O-O 8. a3
Bxd2 9. Qxd2 a5 10. b3 d6 11. Bb2 Nbd7 12. Rfd1 Qe7 13. Rac1 Rfe8 14. Nh4 Bxg2
15. Kxg2 Ne4 16. Qc2 f5 17. d5 g6 18. dxe6 Qxe6 19. Nf3 Ndf6 20. Nd4 Qe7 21.
Rd3 f4 22. gxf4 Nh5 23. Rf3 Nxf4+ 24. Kh1 Qh4 25. e3 Nh3 26. Kg2 Rf8 27. Rf1
Rxf3 28. Kxf3 Nhxf2 29. Ke2 Rf8 30. c5 Qh5+ 31. Ke1 bxc5 32. Ne6 Rf3 33. Rxf2
Rxf2 34. Qxe4 Qe2# 0-1

[Event "Copenhagen Chess Challenge 2016"]
[Site "Ballerup"]
[Date "2016.04.21"]
[Round "3"]
[White "Vasli, Aref"]
[Black "Hagen, Anders Gjerdrum"]
[Result "1/2-1/2"]
[WhiteElo "2164"]
[BlackElo "2262"]
[PlyCount "68"]
[EventDate "2016.04.20"]
[EventType "swiss"]
[EventRounds "9"]
[EventCountry "DEN"]

1. e4 e5 2. Nf3 Nc6 3. d4 exd4 4. Bc4 Nf6 5. e5 d5 6. Bb5 Ne4 7. Nxd4 Bd7 8.
Bxc6 bxc6 9. O-O Be7 10. f3 Ng5 11. f4 Ne4 12. Nc3 Nxc3 13. bxc3 c5 14. Nb3 c6
15. Be3 c4 16. Nc5 Bf5 17. g4 Bc8 18. f5 h5 19. f6 Bxc5 20. Bxc5 Bxg4 21. Qd4
Rg8 22. Rae1 Be6 23. Kh1 Qd7 24. fxg7 Rxg7 25. Bd6 Rg4 26. Rf4 Qb7 27. Rxg4
hxg4 28. a4 Qb2 29. Bb4 a5 30. Qc5 axb4 31. Qxc6+ Ke7 32. Qd6+ Ke8 33. Qc6+ Ke7
34. Qd6+ Ke8 1/2-1/2

[Event "Copenhagen Chess Challenge 2016"]
[Site "Ballerup"]
[Date "2016.04.21"]
[Round "3"]
[White "Haugli, Petter"]
[Black "Moe, Mogens"]
[Result "1-0"]
[WhiteElo "2259"]
[BlackElo "2160"]
[PlyCount "89"]
[EventDate "2016.04.20"]
[EventType "swiss"]
[EventRounds "9"]
[EventCountry "DEN"]

1. c4 e5 2. Nc3 Nc6 3. Nf3 g6 4. d4 exd4 5. Nxd4 Bg7 6. Nxc6 bxc6 7. g3 Ne7 8.
Bg2 O-O 9. O-O h6 10. Qc2 d6 11. b3 Bf5 12. e4 Be6 13. Bb2 Qc8 14. Rad1 Rd8 15.
Ne2 f6 16. Nf4 Rb8 17. Nxe6 Qxe6 18. f4 a5 19. f5 Qf7 20. a4 Rb7 21. Bc3 Ra7
22. Rf2 gxf5 23. exf5 c5 24. Re2 c6 25. Rde1 Rdd7 26. Re6 d5 27. Bb2 d4 28. Qd3
Bf8 29. Ba3 Kh7 30. Bxc5 Rac7 31. Bb6 Rc8 32. Bxa5 c5 33. Bf3 Kg7 34. Bb6 Ng8
35. a5 Bd6 36. a6 Bb8 37. Bc6 Re7 38. Bd5 Rd7 39. Qf3 Ba7 40. Rd6 Rxd6 41. Bxf7
Rxb6 42. Bxg8 Kxg8 43. Qd5+ Kf8 44. Qd7 Ra8 45. Re7 1-0

[Event "Copenhagen Chess Challenge 2016"]
[Site "Ballerup"]
[Date "2016.04.21"]
[Round "3"]
[White "Rishovd, Svein"]
[Black "Thorsbro, Peter"]
[Result "1/2-1/2"]
[WhiteElo "2103"]
[BlackElo "2250"]
[PlyCount "49"]
[EventDate "2016.04.20"]
[EventType "swiss"]
[EventRounds "9"]
[EventCountry "DEN"]

1. d4 d5 2. c4 c6 3. Nf3 Nf6 4. e3 e6 5. Nc3 Be7 6. Qc2 Nbd7 7. b3 O-O 8. Be2
dxc4 9. bxc4 c5 10. O-O cxd4 11. exd4 b6 12. Rd1 Bb7 13. Bf4 Nh5 14. Be3 g6 15.
d5 exd5 16. Nxd5 Bxd5 17. cxd5 Ng7 18. Nd4 Bg5 19. Nc6 Qf6 20. Bxg5 Qxg5 21.
Qd2 Qxd2 22. Ne7+ Kh8 23. Rxd2 Nc5 24. Bf3 Rad8 25. Nc6 1/2-1/2

[Event "Copenhagen Chess Challenge 2016"]
[Site "Ballerup"]
[Date "2016.04.21"]
[Round "3"]
[White "Kistrup, Nicolai"]
[Black "Stigar, Petter"]
[Result "1/2-1/2"]
[WhiteElo "2033"]
[BlackElo "2229"]
[PlyCount "26"]
[EventDate "2016.04.20"]
[EventType "swiss"]
[EventRounds "9"]
[EventCountry "DEN"]

1. d4 d5 2. Nf3 Nf6 3. c4 e6 4. Bg5 Be7 5. Nc3 h6 6. Bxf6 Bxf6 7. e3 O-O 8. Qd2
dxc4 9. Bxc4 c5 10. dxc5 Nd7 11. Ne4 Be7 12. Rd1 Qc7 13. b4 Rd8 1/2-1/2

[Event "Copenhagen Chess Challenge 2016"]
[Site "Ballerup"]
[Date "2016.04.21"]
[Round "3"]
[White "Andreasen, Joan Hendrik"]
[Black "Laustsen, Lars"]
[Result "1/2-1/2"]
[WhiteElo "2227"]
[BlackElo "2128"]
[PlyCount "43"]
[EventDate "2016.04.20"]
[EventType "swiss"]
[EventRounds "9"]
[EventCountry "DEN"]

1. d4 d5 2. c4 c6 3. Nf3 Nf6 4. Nc3 dxc4 5. a4 Bf5 6. Ne5 Nbd7 7. Nxc4 Qc7 8.
Qd2 g6 9. f3 e5 10. dxe5 Nxe5 11. Qf4 Nfd7 12. e4 Be6 13. Nxe5 Qxe5 14. Qxe5
Nxe5 15. Be3 Bg7 16. O-O-O O-O 17. Kc2 b6 18. Be2 Rfd8 19. h3 Nd7 20. b3 Bf8
21. Bd4 Bc5 22. Bxc5 1/2-1/2

[Event "Copenhagen Chess Challenge 2016"]
[Site "Ballerup"]
[Date "2016.04.21"]
[Round "3"]
[White "Thuesen, Mogens Henrik"]
[Black "Andersen, Soren Mikkel"]
[Result "1/2-1/2"]
[WhiteElo "2209"]
[BlackElo "2114"]
[PlyCount "52"]
[EventDate "2016.04.20"]
[EventType "swiss"]
[EventRounds "9"]
[EventCountry "DEN"]

1. d4 d5 2. Nc3 Nf6 3. Bf4 Bf5 4. e3 e6 5. Bd3 Bxd3 6. Qxd3 a6 7. Nf3 Nbd7 8.
O-O c5 9. h3 cxd4 10. exd4 Be7 11. Rae1 Rc8 12. g4 Bb4 13. Bd2 Bxc3 14. Bxc3
O-O 15. Bb4 Re8 16. c3 Qc7 17. Nd2 a5 18. Ba3 Nb6 19. g5 Nh5 20. Re5 Nc4 21.
Nxc4 Qxc4 22. Qxc4 Rxc4 23. Bc5 b5 24. Re3 b4 25. a3 b3 26. f4 f5 1/2-1/2